000 00455ntaaa2200169 4500
003 01
005 20251027202216.0
008 0714s1973 ag 01
040 _aAR-BaBN
_bspa
_cAR-BaBN
_eaacr
_dRIC
082 _a267.8000 P4a
245 _aProgramas y actividades para seƱoritas
250 _a1 ed.
260 _aEl Paso :
_bCasa Bautista de Publicaciones,
_c1985
300 _atomos ;
_cilu. : 21,5 cm
650 _aJovenes-progamas
_920621
942 _cBK
999 _c16964
_d16964